| Registos Bibliográficos associados ao registo de autoridade |
|
Etiqueta de registo: 00916ckm 02200253 04500 001 1077045 003 http://id.bnportugal.gov.pt/bib/catbnp/1077045 005 20020401184400.0 100 ## $a20020401d1998 am y0pory0103 ba 101 0# $apor 102 ## $aPT 200 1# $a The medium - Baba, a espírita$bVisual gráfico]$eópera de Gian-Carlo Menotti$fINATEL$gdesign Francisco Vaz da Silva 210 #9 $a[Lisboa]$cI.,$d[ca 1998] 215 ## $a1 cartaz$ccolor.$d69x48 cm 300 ## $aNo Teatro da Trindade 306 ## $aData aproximada segundo características formais 675 ## $a792.5(469.411.16)"199"(084.5)$vBN$zpor$31035437 675 ## $a766(=1:469)"199"(084.5)$vBN$zpor$3589138 702 #1 $aSilva,$bFrancisco Vaz da,$f1957-$4410$31035434 710 02 $aINATEL$37694 856 40 $uhttps://purl.pt/19989 856 41 $uhttps://purl.pt/19989/service/media/cover/low 958 ## $aBND$bInterno$cDigitalizado 966 ## $lBN$mICONOG$sCT. 9137 A.$x3
Etiqueta de registo: 00230ckm 2200025 450 001 1325887 003 http://id.bnportugal.gov.pt/bib/catbnp/1325887 100 ## $a20050809d1999----am y0pory0103 ba 101 0# $apor 102 ## $aPT 200 1# $aRomeu e Julieta$bVisual gráfico]$ecriação teatral de J. M. Fraga $fTeatro da Trindade$gdesign Francisco Vaz da Silva$gfotografia Manuel Gomes Teixeira 210 #9 $a[Lisboa]$cT. T.,$d[1999] 215 ## $a1 cartaz$ccolor.$d48x33 cm 306 ## $aData ms. no verso 675 ## $a792(469.411.16)"1999"(084.5)$vBN$zpor$31205648 675 ## $a766(=1:469)"199"(084.5)$vBN$zpor$31285670 702 #1 $aSilva,$bFrancisco Vaz da,$f1957-$4410$31035434 702 #1 $aTeixeira,$bManuel Gomes$4600$31201448 710 02 $aTeatro da Trindade$319518 966 ## $lBN$mICONOG$pBiblioteca Nacional$sCT. 5779 V.$x6
Etiqueta de registo: 00230nkm 2200025 450 001 1330398 003 http://id.bnportugal.gov.pt/bib/catbnp/1330398 100 ## $a20051117d1999----m d0pory0103 ba 101 0# $apor 102 ## $aPT 200 1# $a O imaginário de Maria Judite de Carvalho$bVisual gráfico]$eexposição e colóquio$fCâmara Municipal de Aveiro$gdesign Francisco Vaz da Silva$gfotografia Punctum - Manuel Gomes Teixeira 210 #9 $aAveiro$cC.M.,$d1999 215 ## $a1 cartaz$ccolor.$d64x34 cm 675 ## $a821.134.3Carvalho, Maria Judite de.09(084.5)$vBN$zpor$31209974 675 ## $a061.3/.4(469.321)"1999"(084.5)$vBN$zpor$31217907 675 ## $a766(=1:469)"199"(084.5)$vBN$zpor$31285670 702 #1 $aSilva,$bFrancisco Vaz da,$f1957-$4410$31035434 702 #1 $aTeixeira,$bManuel Gomes$4600$31201448 710 01 $aAveiro.$bCâmara Municipal$34268 712 02 $aPunctum$4600$31217908 966 ## $lBN$mICONOG$sCT. 10006 A.$x6
Etiqueta de registo: 00994ckm 02200277 04500 001 585478 003 http://id.bnportugal.gov.pt/bib/catbnp/585478 005 20030120124400.0 095 ## $aPTBN00794743 100 ## $a19960201d1995 am a0pory0103 ba 101 0# $apor 102 ## $aPT 200 1# $a10 Regras de ouro para quem prepara alimentos$bVisual gráfico]$fDirecção-Geral da Saúde$gdesign e grafismo Francisco Vaz da Silva, Paula Pinheiro 210 #9 $a[Lisboa]$cD.G.S.,$d[D.L. 1995] 215 ## $a1 cartaz$ccolor.$d70x34 cm 675 ## $a613.2(084.5)$vBN$zpor$3310253 675 ## $a641.4(084.5)$vBN$zpor$31044801 675 ## $a766(=1:469)"199"(084.5)$vBN$zpor$3589138 702 #1 $aPinheiro,$bPaula$4410$3215845 702 #1 $aSilva,$bFrancisco Vaz da,$f1957-$4410$31035434 710 01 $aPortugal.$bDirecção Geral da Saúde$352614 801 #0 $aPT$bBN$gRPC 856 40 $uhttps://purl.pt/18810 856 41 $uhttps://purl.pt/18810/service/media/cover/low 958 ## $aBND$bInterno$cDigitalizado 966 ## $lBN$mICONOG$sCT. 7925 A.$x1
Etiqueta de registo: 00000nkm 2200025 450 001 2257609 003 http://id.bnportugal.gov.pt/bib/catbnp/2257609 100 ## $a20260130f19911996m y0pory01030103ba 101 0# $apor 102 ## $aPT 200 1# $aQuarteto Saxofones Amesterdão, Porto, Ílhavo, Coimbra, Aveiro$bVisual gráfico]$fConservatório de Música de Aveiro Calouste Gulbenkian$gdesign Francisco Vaz da Silva 210 #9 $aAveiro$cConservatório de Música de Aveiro Calouste Gulbenkian,$d[ca 1991-1996]$e[Aveiro] :$gGráfica Aveirense ) 215 ## $a1 cartaz$ccolor.$d62x43,5 cm 306 ## $aDatação em conformidade com a data de oferta e com a referência externa 316 ## $aRasgão no canto inferior direito 317 ## $aColeção Madeira Luís 317 ## $aOferta do Teatro Municipal Rivoli, 1996 321 ## $ahttps://www.teatroaveirense.pt/pt/evento/quarteto-de-saxofones-de-amsterdao-de-volta-ao-palco/
[consult. 2026-05-28] 675 ## $a766(=1:469)"199"(084.5)$vBN$zpor$3589138 702 #1 $aSilva,$bFrancisco Vaz da,$f1957-$4410$31035434 710 02 $aConservatório de Música de Aveiro Calouste Gulbenkian$31982502 801 #0 $aPT$bBN$gRPC 966 ## $lBN$mICONOG$sCT. 18518 A. $x3 971 ## $cCaticonografia7$d20260130 972 ## $d20260528$e1$vtoliveira$z0 995 ## $aPRR2026 $d20260130$iCaticonografia7
|
|
|